| 000 | 00389nam a22001457a 4500 | ||
|---|---|---|---|
| 005 | 20241030133133.0 | ||
| 008 | 241030b |||||||| |||| 00| 0 eng d | ||
| 020 | _a9789988960780 | ||
| 100 | _aKumado Kofi | ||
| 245 | _aIntroduction To The Law Of Torts In Ghana | ||
| 260 |
_aAccra, Ghana: _bBlack Mask _c2009 |
||
| 300 |
_axxiv, 260 pages _c26 cm |
||
| 650 | _2Torts Law | ||
| 942 |
_2lcc _cBK _n0 |
||
| 999 |
_c373 _d373 |
||